| 000 | 01035nac a22003257a 4500 | ||
|---|---|---|---|
| 001 | BR2016003013 | ||
| 003 | BR-BrBNA | ||
| 005 | 20240105124034.0 | ||
| 008 | 230509b bl.|||m| |||| 00| 0 por d | ||
| 040 |
_aBR-BrBNA _bpor _cBiblioteca Nacional de Agricultura |
||
| 072 | _aF08; F01 | ||
| 090 | _a0120 BR2016003013 | ||
| 100 | 1 | _aGertner, L.R.S. | |
| 100 | 1 | _aBertapelli, M. | |
| 100 | 1 | _aSilva, H.A. da | |
| 110 | 1 |
_aInstituto Paranaense de Assistência Técnica e Extensão Rural, Curitiba, PR (Brasil) _96553 |
|
| 245 | 1 | _aProdução de silagem de milho planta inteira | |
| 260 | 3 |
_aCuritiba, PR (Brasil): _c2015. |
|
| 300 | _a20 p. | ||
| 490 |
_aSérie Produtor - Instituto Paranaense de Assistência Técnica e Extensão Rural (Brazil) _vno. 150 _x |
||
| 500 | _a24 ref. | ||
| 650 | _aPRODUÇÃO AGRÍCOLA | ||
| 650 | _aMILHO | ||
| 650 | _aSILAGEM | ||
| 650 | _aENSILAGEM | ||
| 650 | _aVARIEDADE | ||
| 650 | _aPRÁTICA CULTURAL | ||
| 909 |
_a202312 _bLúcia Elande _c55 _dLúcia Elande |
||
| 942 |
_2AGRIS _n0 _cMS |
||
| 999 |
_c298099 _d298099 |
||